HOSPITALITY AND FOOD MANAGEMENT (Record no. 216233)
[ view plain ]
| 000 -LEADER | |
|---|---|
| fixed length control field | 00456nam a22001577a 4500 |
| 008 - FIXED-LENGTH DATA ELEMENTS--GENERAL INFORMATION | |
| fixed length control field | 251120b |||||||| |||| 00| 0 eng d |
| 020 ## - INTERNATIONAL STANDARD BOOK NUMBER | |
| International Standard Book Number | 979-8-88715-122-9 |
| 100 ## - MAIN ENTRY--PERSONAL NAME | |
| Personal name | GREEN, ISABEL |
| 245 ## - TITLE STATEMENT | |
| Title | HOSPITALITY AND FOOD MANAGEMENT |
| 260 ## - PUBLICATION, DISTRIBUTION, ETC. | |
| Place of publication, distribution, etc. | DUBLIN |
| Name of publisher, distributor, etc. | ORYSON PRESS |
| Date of publication, distribution, etc. | 2023 |
| 300 ## - PHYSICAL DESCRIPTION | |
| Extent | VIII, 290P. |
| 500 ## - GENERAL NOTE | |
| General note | INCLUDES INDEX |
| 700 ## - ADDED ENTRY--PERSONAL NAME | |
| Personal name | 1.HOSPITALITY INDUSTRY - MANAGEMENT 2. FOOD SERVICE MANAGEMENT |
| 942 ## - ADDED ENTRY ELEMENTS (KOHA) | |
| Source of classification or shelving scheme | Library of Congress Classification |
| Koha item type | Long Loan Book |
| Withdrawn status | Lost status | Source of classification or shelving scheme | Damaged status | Not for loan | Collection | Home library | Current library | Shelving location | Date acquired | Inventory number | Total checkouts | Full call number | Barcode | Date last seen | Copy number | Price effective from | Koha item type |
|---|---|---|---|---|---|---|---|---|---|---|---|---|---|---|---|---|---|
| Library of Congress Classification | Science & Technology | Kisii University Library | Kisii University Library | On Display | 11/20/2025 | 109961 | TX 911.3 .G74 2023 | 000000000821 | 11/20/2025 | C.1 | 11/20/2025 | Long Loan Book | |||||
| Library of Congress Classification | Science & Technology | Kisii University Library | Kisii University Library | On Display | 11/20/2025 | 1099962 | TX 911.3 .G74 2023 | 000000000820 | 11/20/2025 | C.2 | 11/20/2025 | Long Loan Book | |||||
| Library of Congress Classification | Science & Technology | Kisii University Library | Kisii University Library | On Display | 11/20/2025 | 1099963 | TX 911.3 .G74 2023 | 000000000819 | 11/20/2025 | C.3 | 11/20/2025 | Long Loan Book |